Modelovanie transformačných systémov

Gespeichert in:
Bibliographische Detailangaben
1. Verfasser: Mosný, Martin
Weitere Verfasser: Mozolíková, Margita
Format: Buch
Sprache:Slowakisch
Veröffentlicht: Bratislava Veda 1986
Ausgabe:1. vyd.
Tags: Tag hinzufügen
Keine Tags, Fügen Sie das erste Tag hinzu!

MARC

LEADER 00000nam a2200000 4500
001 c024239
005 20221219100626.0
041 0 |a slo 
044 |a SK 
245 1 0 |a Modelovanie transformačných systémov  |c Martin Mosný, Margita Mozolíková 
250 |a 1. vyd. 
264 1 |a Bratislava  |b Veda  |c 1986 
300 |a 301 s. 
100 1 |a Mosný, Martin 
700 1 |a Mozolíková, Margita